| 000 | 00383nam a2200169Ia 4500 | ||
|---|---|---|---|
| 008 | 210210b1935 xxu||||| |||| 00| 0 eng d | ||
| 041 | _aeng | ||
| 082 | _a829/1344 | ||
| 100 | _aWOOD (Mrs H) | ||
| 245 | _aRed court farm | ||
| 260 |
_aLondon _bMacmillan & Co. Ltd. _c1935 |
||
| 650 | _aRed | ||
| 650 | _afarm | ||
| 650 | _acourt | ||
| 690 | _aEnglish Fiction | ||
| 906 | _a017953 | ||
| 999 |
_c137848 _d137848 |
||